000 00556nam a2200157 a 4500
008 120416s0000 ||||||||||||||||| || u
020 _a0851118038
050 _aBS 2675 Tas
100 _aTasker, R. W. G
245 1 4 _aThe second epistle of Paul to the Corinthians
246 _aan introduction and commentary
260 _aLondon
_bThe Tyndale Press
_c1958
300 _a192p.
350 _a0.00
995 _D0.00
_FCBU-MAIN LIBRARY (Kitwe)
_H1
_I4.75
_M1
_UAVAILABLE
_ZAnnex Low-Usage Collection
999 _c57179
_d57179